Tvrdohlavá Žuža matka hladujúcej žeriavničky sa vraj pár dní pred smrťou vyjadrila, že sa hanbí za to, čo robí jej dcéra

Bibliographic Details
Main Authors: Karásek, Ján (Author), Šindlerová, Naďa (Author)
Other Authors: Grosz, Norbert (Photographer), Lazár, Peter (Photographer)
Format: Article
Language:Slovak
PhysicalDescription:Fotogr.
ISSN:1210-2040
Subjects:

MARC

LEADER 00000nab a2200000 a 4500
001 vtls001490103
003 SK-MaSNL
005 20260303075520.0
008 050124c2004 xo wr|p|||||||000 b|slo
015 |a SNBRx2004/xx  |2 sllk 
038 |a SLLK 
040 |a SLLK  |b slo  |c SLLK  |e AACR2 
041 0 |a slo 
044 |a xo  |c SK 
080 |a 316.485.22  |2 UDC-MRF-SK2 
100 1 |a Karásek, Ján  |4 aut  |9 289118 
245 1 0 |a Tvrdohlavá Žuža  |b matka hladujúcej žeriavničky sa vraj pár dní pred smrťou vyjadrila, že sa hanbí za to, čo robí jej dcéra  |c Ján Karásek, Naďa Šindlerová 
300 |b Fotogr. 
600 1 7 |a Cingeľová, Zuzana  |2 sllk  |9 358096 
650 0 7 |a protesty  |2 sllk  |9 337515 
650 0 7 |a hladovky  |2 sllk  |9 31386 
651 7 |a Moldava nad Bodvou (Slovensko)  |2 sllk  |9 20255 
651 7 |a Košice (Slovensko)  |2 sllk  |9 18694 
700 1 |a Šindlerová, Naďa  |4 aut  |9 845736 
700 1 |a Grosz, Norbert  |4 pht  |9 31597 
700 1 |a Lazár, Peter  |4 pht  |9 526839 
773 0 |t Plus 7 dní  |g Roč. XIV, č. 38 (2004) s. [16]-18  |x 1210-2040 
852 |a SLLK  |b KIS3GCP 
999 |c 1776113  |d 1778043